Urban land use planning / (Record no. 16142)
[ view plain ]
| 000 -LEADER | |
|---|---|
| fixed length control field | 00878cam a2200277 a 4500 |
| 001 - CONTROL NUMBER | |
| control field | 16142 |
| 003 - CONTROL NUMBER IDENTIFIER | |
| rucl marc code | BD-RjUL |
| 005 - DATE AND TIME OF LATEST TRANSACTION | |
| control field | 20211208235948.0 |
| 008 - FIXED-LENGTH DATA ELEMENTS--GENERAL INFORMATION | |
| fixed length control field | 140211s1965 ilu b 00110 eng |
| 020 ## - INTERNATIONAL STANDARD BOOK NUMBER | |
| International Standard Book Number | 0252726944 |
| 035 ## - SYSTEM CONTROL NUMBER | |
| System control number | (BD-RjUL)16197 |
| 040 ## - CATALOGING SOURCE | |
| Transcribing agency | CSt |
| Modifying agency | BD-RjUL |
| Original cataloging agency | CSt |
| Language of cataloging | eng |
| 041 ## - LANGUAGE CODE | |
| Language code of text/sound track or separate title | eng |
| 082 00 - DEWEY DECIMAL CLASSIFICATION NUMBER | |
| Classification number | 333.77 |
| Author mark and year | CHU 1965 |
| 100 10 - MAIN ENTRY--PERSONAL NAME | |
| Personal name | Chapin, F. Stuart |
| Fuller form of name | (Francis Stuart), |
| Dates associated with a name | 1916- |
| 9 (RLIN) | 49967 |
| 245 10 - TITLE STATEMENT | |
| Title | Urban land use planning / |
| Statement of responsibility, etc. | by F. Stuart Chapin, Jr. |
| 250 ## - EDITION STATEMENT | |
| Edition statement | 2nd ed. |
| 260 ## - PUBLICATION, DISTRIBUTION, ETC. (IMPRINT) | |
| Place of publication, distribution, etc. | Urbana : |
| Name of publisher, distributor, etc. | University of Illinois Press, |
| Date of publication, distribution, etc. | c1965. |
| 300 ## - PHYSICAL DESCRIPTION | |
| Pagination | xvi, 498 p. : |
| Illustrations | ill., maps. ; |
| Size | 26 cm. |
| 504 ## - BIBLIOGRAPHY, ETC. NOTE | |
| Bibliography, etc | Includes bibliographical references and index. |
| 650 #0 - SUBJECT ADDED ENTRY--TOPICAL TERM | |
| Topical term or geographic name as entry element | City planning |
| Geographic subdivision | United States. |
| 9 (RLIN) | 49968 |
| Topical term or geographic name as entry element | Land use |
| Geographic subdivision | United States |
| General subdivision | Planning. |
| 9 (RLIN) | 11760 |
| Topical term or geographic name as entry element | Regional planning |
| Geographic subdivision | United States. |
| 9 (RLIN) | 9270 |
| 942 ## - ADDED ENTRY ELEMENTS (KOHA) | |
| Source of classification or shelving scheme | Dewey Decimal Classification |
| Koha item type | Books |
| Lost status | Source of classification or shelving scheme | Damaged status | Not for loan | Collection code | Permanent Location | Current Location | Shelving location | Date acquired | Source of acquisition | Cost, normal purchase price | Total Checkouts | Full call number | Date last seen | Copy number | Koha item type |
|---|---|---|---|---|---|---|---|---|---|---|---|---|---|---|---|
| Dewey Decimal Classification | Non-fiction | Central Library, University of Rajshahi | Central Library, University of Rajshahi | 11/05/1977 | Heffers and sons | 5.60 | 333.77 CHU 1965 | 11/02/2014 | C-4 | Books | |||||
| Dewey Decimal Classification | Non-fiction | Central Library, University of Rajshahi | Central Library, University of Rajshahi | 03/12/2019 | 333.77 CHU 1965 | 03/12/2019 | C-2 | Books | |||||||
| Dewey Decimal Classification | Non-fiction | Central Library, University of Rajshahi | Central Library, University of Rajshahi | 11/05/1977 | W.Heffer & sons | 5.60 | 333.77 CHU 1972 | 19/12/2019 | C-3 | Books | |||||
| Dewey Decimal Classification | Non-fiction | Central Library, University of Rajshahi | Central Library, University of Rajshahi | 24/08/1968 | Zeitlinger | 63.00 | 333.77 CHU 1966 | 19/12/2019 | C-4 | Books |